000 00927nam a2200241 a 4500
001 56049
003 BD-RjUL
005 20211209080340.0
008 161124s1908 enkh b 001 0 eng
035 _a(BD-RjUL)56173
040 _aDLC
_cDLC
_dBD-RjUL
_beng
041 _aeng
082 _223
_a822.2
_bSKM 1908
100 1 _aSkelton, John,
_d1460?-1529.
_9166848
245 1 0 _aMagnificence, a moral play /
_cJohn Skelton ; edited by Robert Lee Ramsay
260 _aManchester :
_bManchester University Press ;
_aBaltimore :
_bJohns Hopkins University Press,
_c1908
300 _axvi, 229 p. :
_bfacsim ;
_c21 cm
504 _aIncludes bibliographical references and index
600 _aSkelton, John, 1460?-1529
_9166859
650 _aEnglish drama
_vEarly modern and Elizabethan
_9166850
700 1 _a Ramsay, Robert Lee
_9166851
942 _2ddc
_cBK
999 _c56049
_d56049